[Event "Glorney Cup"]
[Site "Paisley"]
[Date "2018.07.16"]
[Round "1.8"]
[White "Evans, James"]
[Black "Harman, George"]
[Result "1/2-1/2"]
[WhiteElo "1559"]
[BlackElo "1515"]
[PlyCount "48"]
[EventDate "2018.07.16"]
[EventType "team-tourn"]
[EventRounds "5"]
[EventCountry "SCO"]
[SourceTitle "EXT 2021"]
[Source "ChessBase"]
[SourceDate "2020.10.23"]
[SourceVersion "1"]
[SourceVersionDate "2020.10.23"]
[SourceQuality "1"]
[WhiteTeam "Wales"]
[BlackTeam "England U18"]
[WhiteTeamCountry "WLS"]
[BlackTeamCountry "ENG"]

1. e4 c5 2. Nc3 Nc6 3. f4 e6 4. Nf3 Nge7 5. Bb5 a6 6. Bxc6 Nxc6 7. 0-0 Be7 8. Qe1 0-0 9. d3 d5 10. exd5 exd5 11. Ne5 Nd4 12. Qf2 Bh4 13. g3 Bf6 14. Be3 Nxc2 15. Bxc5 Nxa1 16. Bxf8 Kxf8 17. Rxa1 d4 18. Ne2 Bf5 19. Nxd4 Bxd3 20. Rd1 Bf5 21. Ne6+ Bxe6 22. Rxd8+ Rxd8 23. Qc2 Kg8 24. Kf2 Rc8 1/2-1/2

[Event "Tom Weston Major op"]
[Site "Cardiff"]
[Date "2016.03.28"]
[Round "6"]
[White "Evans, James"]
[Black "Christmas, Steve"]
[Result "1/2-1/2"]
[WhiteElo "1478"]
[BlackElo "1923"]
[PlyCount "95"]
[EventDate "2016.03.25"]
[EventType "swiss"]
[EventRounds "7"]
[EventCountry "WLS"]
[SourceTitle "EXT 2018"]
[Source "ChessBase"]
[SourceDate "2017.10.13"]
[SourceVersion "1"]
[SourceVersionDate "2017.10.13"]
[SourceQuality "1"]

1. e4 c5 2. d4 cxd4 3. c3 d3 4. Bxd3 Nc6 5. Nf3 d6 6. 0-0 g6 7. Qb3 Qc7 8. Na3 a6 9. Be3 b5 10. Nc2 Bg7 11. Ncd4 Ne5 12. Nxe5 dxe5 13. Nf3 Be6 14. Qb4 Rb8 15. Rfd1 Nf6 16. Qc5 Qxc5 17. Bxc5 Nd7 18. Bb4 h6 19. b3 f5 20. Nh4 Kf7 21. exf5 gxf5 22. Bxf5 Bf6 23. Bxe6+ Kxe6 24. Nf3 Nb6 25. Re1 Kf5 26. Rad1 Rhd8 27. Ba5 Rxd1 28. Rxd1 Rb7 29. Kf1 Rd7 30. Rxd7 Nxd7 31. Ke2 Nb8 32. Bb6 Nc6 33. Be3 h5 34. g3 b4 35. Kd2 e6 36. h3 a5 37. h4 Be7 38. c4 Bd8 39. Bc5 Bf6 40. Ke3 Bg7 41. Ne1 e4 42. Nc2 e5 43. a3 a4 44. Na1 axb3 45. Nxb3 bxa3 46. Bxa3 Nd4 47. Nxd4+ exd4+ 48. Ke2 1/2-1/2

[Event "Tom Weston Major op"]
[Site "Cardiff"]
[Date "2016.03.28"]
[Round "5"]
[White "Fowler, Hugo"]
[Black "Evans, James"]
[Result "0-1"]
[WhiteElo "1558"]
[BlackElo "1478"]
[PlyCount "100"]
[EventDate "2016.03.25"]
[EventType "swiss"]
[EventRounds "7"]
[EventCountry "WLS"]
[SourceTitle "EXT 2018"]
[Source "ChessBase"]
[SourceDate "2017.10.13"]
[SourceVersion "1"]
[SourceVersionDate "2017.10.13"]
[SourceQuality "1"]

1. e4 c5 2. Nf3 Nc6 3. d4 cxd4 4. Nxd4 e5 5. Nb3 Nf6 6. Nc3 d6 7. Be2 a6 8. a4 Be6 9. Be3 Be7 10. 0-0 d5 11. exd5 Nxd5 12. Nxd5 Bxd5 13. Nc5 Na5 14. b4 Nc4 15. Bxc4 Bxc4 16. Qxd8+ Rxd8 17. Rfd1 0-0 18. Nd7 Be2 19. Bb6 Bxd1 20. Bxd8 Rxd8 21. Rxd1 f6 22. Kf1 Kf7 23. Ke2 Ke8 24. Nb6 Rxd1 25. Kxd1 Bxb4 26. Ke2 Bc5 27. Nd5 Kd7 28. c4 Kc6 29. Kf3 b5 30. axb5+ axb5 31. cxb5+ Kxd5 32. Kg3 Bxf2+ 33. Kxf2 Kc5 34. Ke3 Kxb5 35. Ke4 Kc5 36. g4 g5 37. Kf5 Kd4 38. Kxf6 e4 39. Kxg5 e3 40. Kh6 e2 41. g5 e1Q 42. Kxh7 Qh4+ 43. Kg6 Qxh2 44. Kf6 Qh8+ 45. Kf7 Qh7+ 46. Kf6 Qg8 47. g6 Kd5 48. Kf5 Qg7 49. Kg5 Ke5 50. Kh5 Kf4 0-1

[Event "Tom Weston Major op"]
[Site "Cardiff"]
[Date "2016.03.26"]
[Round "3"]
[White "Jukes, Sam"]
[Black "Evans, James"]
[Result "1/2-1/2"]
[WhiteElo "1659"]
[BlackElo "1478"]
[PlyCount "69"]
[EventDate "2016.03.25"]
[EventType "swiss"]
[EventRounds "7"]
[EventCountry "WLS"]
[SourceTitle "EXT 2018"]
[Source "ChessBase"]
[SourceDate "2017.10.13"]
[SourceVersion "1"]
[SourceVersionDate "2017.10.13"]
[SourceQuality "1"]

1. d4 Nf6 2. c4 e6 3. Nc3 b6 4. Nf3 Bb7 5. e3 c5 6. Be2 Nc6 7. d5 exd5 8. cxd5 Nb4 9. d6 Qb8 10. Nb5 Nbd5 11. Bc4 a6 12. Bxd5 Nxd5 13. Nc3 Nxc3 14. bxc3 Qxd6 15. 0-0 Qxd1 16. Rxd1 Bxf3 17. gxf3 0-0-0 18. e4 Be7 19. a4 Kb7 20. c4 g5 21. Rb1 Rhg8 22. Rd3 Rg6 23. Rdb3 Rc8 24. Be3 Rcc6 25. Kg2 h5 26. h3 Bd8 27. a5 Be7 28. Kf1 Kc8 29. e5 Kb7 30. f4 Rge6 31. fxg5 Rxe5 32. Rxb6+ Rxb6 33. Rxb6+ Ka7 34. g6 fxg6 35. Rxg6 1/2-1/2

[Event "Tom Weston Major op"]
[Site "Cardiff"]
[Date "2016.03.25"]
[Round "1"]
[White "Timmins, Chris P"]
[Black "Evans, James"]
[Result "1-0"]
[WhiteElo "1773"]
[BlackElo "1478"]
[PlyCount "57"]
[EventDate "2016.03.25"]
[EventType "swiss"]
[EventRounds "7"]
[EventCountry "WLS"]
[SourceTitle "EXT 2018"]
[Source "ChessBase"]
[SourceDate "2017.10.13"]
[SourceVersion "1"]
[SourceVersionDate "2017.10.13"]
[SourceQuality "1"]

1. Nf3 Nf6 2. d4 e6 3. Bg5 c5 4. e3 cxd4 5. exd4 d5 6. c3 Be7 7. Nbd2 0-0 8. Bd3 Re8 9. Qc2 g6 10. h4 Kg7 11. 0-0-0 Nh5 12. g4 Bxg5 13. gxh5 Bxd2+ 14. Qxd2 Qf6 15. Ne5 Rh8 16. Rdg1 Nd7 17. Ng4 Qf3 18. Rh2 Nf6 19. h6+ Kf8 20. Rg3 Qxg4 21. Rxg4 Nxg4 22. Qg5 Nxh6 23. Qxh6+ Ke7 24. h5 Bd7 25. hxg6 fxg6 26. Qg7+ Kd6 27. Rxh7 Rxh7 28. Qxh7 Rf8 29. Qxg6 1-0

[Event "West Wales op 48th"]
[Site "Swansea"]
[Date "2015.11.22"]
[Round "4"]
[White "Bevan, Peter M"]
[Black "Evans, James"]
[Result "1-0"]
[WhiteElo "2013"]
[BlackElo "1476"]
[PlyCount "65"]
[EventDate "2015.11.20"]
[EventType "swiss"]
[EventRounds "5"]
[EventCountry "WLS"]
[SourceTitle "EXT 2018"]
[Source "ChessBase"]
[SourceDate "2017.10.13"]
[SourceVersion "1"]
[SourceVersionDate "2017.10.13"]
[SourceQuality "1"]

1. c4 Nf6 2. g3 e6 3. Bg2 c5 4. Nc3 Nc6 5. e4 d6 6. Nge2 g6 7. d3 Bg7 8. 0-0 0-0 9. h3 h5 10. Be3 e5 11. Bg5 Ne7 12. f4 exf4 13. gxf4 Qc7 14. Qe1 Nh7 15. Bh4 f5 16. Nb5 Qd7 17. Nec3 a6 18. Bxe7 Qxe7 19. Nd5 Qf7 20. Nxd6 Bd4+ 21. Kh1 Qe6 22. e5 Rb8 23. Nb6 Bd7 24. Nxd7 Qxd7 25. Bd5+ Kg7 26. Rb1 g5 27. fxg5 Nxg5 28. Qg3 Kh6 29. e6 Nxe6 30. Nxf5+ Rxf5 31. Rxf5 Rg8 32. Qxg8 Ng7 33. Rf3 1-0

[Event "South Wales Autumn op"]
[Site "Pencoed"]
[Date "2015.10.09"]
[Round "1"]
[White "Evans, James"]
[Black "Bridges, Paul"]
[Result "0-1"]
[WhiteElo "1488"]
[BlackElo "1822"]
[PlyCount "62"]
[EventDate "2015.10.09"]
[EventType "swiss"]
[EventRounds "5"]
[EventCountry "WLS"]
[SourceTitle "EXT 2018"]
[Source "ChessBase"]
[SourceDate "2017.10.13"]
[SourceVersion "1"]
[SourceVersionDate "2017.10.13"]
[SourceQuality "1"]

1. e4 c5 2. Nf3 e6 3. d4 cxd4 4. Nxd4 Nc6 5. Nc3 a6 6. Bc4 Qc7 7. 0-0 Nf6 8. Bb3 Be7 9. Be3 0-0 10. Qf3 Rb8 11. Nxc6 bxc6 12. Rad1 d5 13. Bf4 e5 14. Bg3 Bg4 15. Qd3 Bxd1 16. Rxd1 d4 17. Ne2 c5 18. f4 Bd6 19. f5 Qc6 20. c4 Qxe4 21. Qxe4 Nxe4 22. Bh4 Nf6 23. Nc1 e4 24. Re1 e3 25. Bxf6 gxf6 26. Nd3 Rb6 27. Bd1 Rfb8 28. b3 a5 29. a4 Rxb3 30. Bxb3 Rxb3 31. Nc1 Ra3 0-1

[Event "Robinson Cup U14"]
[Site "Enfield"]
[Date "2015.07.21"]
[Round "4.2"]
[White "Evans, James"]
[Black "Onslow, Alfie"]
[Result "1/2-1/2"]
[WhiteElo "1502"]
[BlackElo "1633"]
[PlyCount "46"]
[EventDate "2015.07.20"]
[EventType "team-tourn"]
[EventRounds "6"]
[EventCountry "IRL"]
[SourceTitle "EXT 2023"]
[Source "ChessBase"]
[SourceDate "2022.10.05"]
[SourceVersion "1"]
[SourceVersionDate "2022.10.05"]
[SourceQuality "1"]
[WhiteTeam "Wales U14"]
[BlackTeam "England U14"]
[WhiteTeamCountry "WLS"]
[BlackTeamCountry "ENG"]

1. e4 c5 2. Nc3 Nc6 3. f4 g6 4. Nf3 Bg7 5. Bb5 Nd4 6. 0-0 Nxb5 7. Nxb5 d5 8. exd5 a6 9. Nc3 Nf6 10. d4 cxd4 11. Qxd4 0-0 12. Rd1 Bf5 13. Qf2 Rc8 14. Nd4 Qa5 15. Nxf5 gxf5 16. Qf3 Rfd8 17. Bd2 Nxd5 18. Nxd5 Qxd5 19. c3 Qxf3 20. gxf3 Rd3 21. Kf2 Rcd8 22. Ke2 Bh6 23. Be3 Rxd1 1/2-1/2

[Event "South Wales op 12th"]
[Site "Cardiff"]
[Date "2015.07.13"]
[Round "5"]
[White "Evans, James"]
[Black "Hurn, Robert AJ"]
[Result "1/2-1/2"]
[WhiteElo "1502"]
[BlackElo "1681"]
[PlyCount "45"]
[EventDate "2015.07.11"]
[EventType "swiss"]
[EventRounds "10"]
[EventCountry "WLS"]
[SourceTitle "EXT 2016"]
[Source "ChessBase"]
[SourceDate "2015.10.08"]
[SourceVersion "1"]
[SourceVersionDate "2015.10.08"]
[SourceQuality "1"]

1. e4 c5 2. Nc3 Nc6 3. f4 e6 4. Nf3 d5 5. Bb5 Nge7 6. exd5 exd5 7. Qe2 a6 8. Bxc6+ bxc6 9. 0-0 Qd6 10. d3 g6 11. Bd2 Bg7 12. Rae1 Ra7 13. h3 0-0 14. Kh2 Nf5 15. g4 Re7 16. Qg2 Nd4 17. Nxd4 cxd4 18. Ne2 Rfe8 19. Qf2 c5 20. Kg2 f5 21. g5 Bb7 22. a3 Re6 23. Kg3 1/2-1/2

[Event "Tom Weston Major op"]
[Site "Cardiff"]
[Date "2015.04.06"]
[Round "7"]
[White "Evans, James"]
[Black "Howells, S Wyn"]
[Result "0-1"]
[WhiteElo "1476"]
[BlackElo "1692"]
[PlyCount "60"]
[EventDate "2015.04.03"]
[EventType "swiss"]
[EventRounds "7"]
[EventCountry "WLS"]
[SourceTitle "EXT 2018"]
[Source "ChessBase"]
[SourceDate "2017.10.13"]
[SourceVersion "1"]
[SourceVersionDate "2017.10.13"]
[SourceQuality "1"]

1. e4 c5 2. Nc3 Nc6 3. f4 g6 4. Nf3 Bg7 5. Bb5 Nd4 6. 0-0 Nxb5 7. Nxb5 a6 8. Nc3 b5 9. d4 cxd4 10. Nxd4 b4 11. Nce2 Bb7 12. Ng3 Nf6 13. Qd3 a5 14. f5 Ba6 15. Nb5 Qb6+ 16. Be3 Qxb5 17. Qd4 Nh5 18. Qd2 Nxg3 19. hxg3 Bxb2 20. Rad1 Bc3 21. Qf2 Qc6 22. fxg6 Qxg6 23. Qf5 Qxf5 24. Rxf5 Bc4 25. Bb6 Bxa2 26. Bxa5 d6 27. Rb5 Bc4 28. Rf5 f6 29. Kf2 Kf7 30. Bb6 Ra2 0-1

[Event "Tom Weston Major op"]
[Site "Cardiff"]
[Date "2015.04.06"]
[Round "6"]
[White "Orton, Paul"]
[Black "Evans, James"]
[Result "1/2-1/2"]
[WhiteElo "1655"]
[BlackElo "1476"]
[PlyCount "81"]
[EventDate "2015.04.03"]
[EventType "swiss"]
[EventRounds "7"]
[EventCountry "WLS"]
[SourceTitle "EXT 2018"]
[Source "ChessBase"]
[SourceDate "2017.10.13"]
[SourceVersion "1"]
[SourceVersionDate "2017.10.13"]
[SourceQuality "1"]

1. e4 e5 2. Nf3 Nc6 3. Bb5 Bc5 4. c3 Nf6 5. 0-0 0-0 6. Nxe5 Nxe5 7. d4 Nxe4 8. dxc5 Nxc5 9. Qd4 d6 10. Bf4 Ne6 11. Qe3 Nxf4 12. Qxf4 a6 13. Be2 Qe7 14. Nd2 Ng6 15. Qf3 Re8 16. Rae1 Ne5 17. Qe3 Bd7 18. f4 Nc6 19. Qg3 Qe3+ 20. Qxe3 Rxe3 21. Bf3 Rxe1 22. Rxe1 Re8 23. Rxe8+ Bxe8 24. Kf2 f5 25. Ke3 Kf7 26. Bxc6 Bxc6 27. g3 Ke6 28. Kd4 Bg2 29. a3 c5+ 30. Kd3 b5 31. b4 Kd5 32. Ke3 h6 33. h4 h5 34. Kf2 Be4 35. Ke3 g6 36. Kf2 Kc6 37. Ke2 d5 38. Ke3 Kd6 39. Nf1 Bg2 40. Nd2 c4 41. Kd4 1/2-1/2

[Event "West Wales op 47th"]
[Site "Swansea"]
[Date "2014.11.28"]
[Round "1"]
[White "Ralphs, Nigel"]
[Black "Evans, James"]
[Result "1-0"]
[WhiteElo "1898"]
[BlackElo "1490"]
[PlyCount "95"]
[EventDate "2014.11.28"]
[EventType "swiss"]
[EventRounds "5"]
[EventCountry "WLS"]
[SourceTitle "EXT 2016"]
[Source "ChessBase"]
[SourceDate "2015.10.08"]
[SourceVersion "1"]
[SourceVersionDate "2015.10.08"]
[SourceQuality "1"]

1. e4 e5 2. Nf3 Nc6 3. Bb5 Bc5 4. 0-0 Nf6 5. Re1 d6 6. h3 0-0 7. c3 a6 8. Ba4 Re8 9. Bc2 d5 10. d3 dxe4 11. dxe4 Be6 12. Nbd2 Qd7 13. Ng5 Rad8 14. Qf3 b5 15. Nxe6 Rxe6 16. Nf1 Ne7 17. Ne3 Qc6 18. Bb3 Red6 19. Nf5 Nxf5 20. Qxf5 Re8 21. Bg5 h6 22. Bh4 Qd7 23. Qxd7 Nxd7 24. Rad1 Nb6 25. Rxd6 Bxd6 26. Rd1 Kf8 27. Kf1 f6 28. f3 Ke7 29. Bf2 c5 30. Ke2 Rd8 31. Bd5 Na4 32. Rd2 c4 33. Bb7 a5 34. Bc6 Bc5 35. Rxd8 Kxd8 36. Bxc5 Nxc5 37. Bxb5 Nd3 38. Bxc4 Nxb2 39. Bb5 a4 40. Kd2 a3 41. Kc2 Ke7 42. Be2 Na4 43. Kb3 Nc5+ 44. Kxa3 Kd6 45. Kb4 Kc6 46. a4 Kb6 47. a5+ Kc6 48. a6 1-0

[Event "South Wales Autumn op"]
[Site "Wales"]
[Date "2014.10.12"]
[Round "4"]
[White "Evans, James"]
[Black "Rovaretti, David"]
[Result "1-0"]
[WhiteElo "1474"]
[BlackElo "1674"]
[PlyCount "61"]
[EventDate "2014.10.10"]
[EventType "swiss"]
[EventRounds "5"]
[EventCountry "WLS"]
[SourceTitle "EXT 2016"]
[Source "ChessBase"]
[SourceDate "2015.10.08"]
[SourceVersion "1"]
[SourceVersionDate "2015.10.08"]
[SourceQuality "1"]

1. e4 b6 2. d4 Bb7 3. Nc3 e6 4. Bd3 Bb4 5. Nge2 Nf6 6. Bd2 Be7 7. 0-0 d6 8. Bg5 h6 9. Be3 Nbd7 10. f4 c5 11. Qe1 Qc7 12. Qg3 c4 13. Qxg7 Rg8 14. Qxh6 cxd3 15. cxd3 Ng4 16. Qh3 0-0-0 17. Rac1 Bc6 18. d5 Ndf6 19. dxc6 Rh8 20. Qg3 Rxh2 21. Nb5 Qb8 22. c7 Rdh8 23. cxb8Q+ Kxb8 24. Qxh2 Rxh2 25. Rf3 d5 26. e5 Ne8 27. Rg3 f5 28. Ned4 Kb7 29. Nxe6 Rh6 30. Ned4 a6 31. Nxf5 1-0

[Event "South Wales Autumn op"]
[Site "Wales"]
[Date "2014.10.10"]
[Round "1"]
[White "Evans, James"]
[Black "Williams, Stephen"]
[Result "0-1"]
[WhiteElo "1474"]
[BlackElo "1859"]
[PlyCount "80"]
[EventDate "2014.10.10"]
[EventType "swiss"]
[EventRounds "5"]
[EventCountry "WLS"]
[SourceTitle "EXT 2016"]
[Source "ChessBase"]
[SourceDate "2015.10.08"]
[SourceVersion "1"]
[SourceVersionDate "2015.10.08"]
[SourceQuality "1"]

1. e4 c6 2. c4 e5 3. Nf3 Nf6 4. Nc3 d6 5. b3 Nbd7 6. Bb2 Be7 7. Be2 0-0 8. 0-0 Re8 9. Qc2 Bf8 10. Rae1 h6 11. d4 exd4 12. Nxd4 Ne5 13. f4 Ng6 14. Bd3 a6 15. Kh1 Ng4 16. h3 Qh4 17. Nf3 Qh5 18. Ne2 Ne3 19. Qc3 Nxf1 20. f5 Bxf5 21. exf5 Rxe2 22. Bxe2 Ng3+ 23. Kh2 Nxe2 24. Rxe2 Qxf5 25. g4 Qd7 26. g5 Nf4 27. Rf2 Qxh3+ 28. Kg1 Qg3+ 29. Kf1 hxg5 30. Qd4 Re8 31. Nxg5 Qxg5 32. Rxf4 Qh5 33. Rg4 Qh1+ 34. Kf2 Qe1+ 35. Kg2 Re2+ 36. Kf3 Qf1+ 37. Kg3 Rg2+ 38. Kh4 Qh1+ 39. Kg5 Qh6+ 40. Kf5 g6+ 0-1

[Event "EU Union-ch U13 11th"]
[Site "Mureck"]
[Date "2013.08.08"]
[Round "9"]
[White "Ly, Dominik"]
[Black "Evans, James"]
[Result "1-0"]
[WhiteElo "1907"]
[BlackElo "1428"]
[PlyCount "65"]
[EventDate "2013.07.31"]
[EventType "swiss"]
[EventRounds "9"]
[EventCountry "AUT"]
[SourceTitle "CBM 155 Extra"]
[Source "ChessBase"]
[SourceDate "2013.08.26"]
[SourceVersion "1"]
[SourceVersionDate "2013.08.26"]
[SourceQuality "1"]

1. e4 e5 2. Nf3 Nc6 3. Bc4 Nf6 4. d3 h6 5. c3 d5 6. exd5 Nxd5 7. 0-0 Nb6 8. Bb3 Bd6 9. Nbd2 Bg4 10. h3 Bh5 11. Ne4 f5 12. Ng3 Bg6 13. Re1 f4 14. Bxf4 Qd7 15. Bxe5 Nxe5 16. Nxe5 Bxe5 17. Rxe5+ Kd8 18. Qg4 Qxg4 19. hxg4 Re8 20. d4 Kd7 21. Rae1 Rxe5 22. dxe5 Re8 23. f4 Re7 24. f5 Be8 25. Kf2 Kd8 26. Rd1+ Kc8 27. f6 Rxe5 28. f7 Bxf7 29. Bxf7 Re7 30. Bg6 a6 31. Re1 Rxe1 32. Kxe1 Kd7 33. Be4 1-0

[Event "South Wales op 10th"]
[Site "Penarth"]
[Date "2013.07.16"]
[Round "5"]
[White "Bennett, Rhys"]
[Black "Evans, James"]
[Result "1-0"]
[WhiteElo "1729"]
[BlackElo "1428"]
[PlyCount "35"]
[EventDate "2013.07.14"]
[EventType "swiss"]
[EventRounds "9"]
[EventCountry "WLS"]
[SourceTitle "CBM 155 Extra"]
[Source "ChessBase"]
[SourceDate "2013.08.26"]
[SourceVersion "1"]
[SourceVersionDate "2013.08.26"]
[SourceQuality "1"]

1. e4 e5 2. Nf3 Nc6 3. d4 exd4 4. Nxd4 Nge7 5. Nc3 g6 6. Be3 Bg7 7. Bc4 Ne5 8. Bb3 d6 9. Qd2 Bd7 10. f3 N7c6 11. Nxc6 Nxc6 12. Bg5 f6 13. Bh4 Qe7 14. Nd5 Qd8 15. Qc3 Rf8 16. 0-0-0 Rf7 17. Qc4 Rc8 18. Nxc7+ 1-0